|
|
|
|
| LEADER |
00945nam a2200265 a 4500 |
| 001 |
1179250 |
| 008 |
110515s1997 njua 001 0 eng |
| 010 |
|
|
|a 97005705
|
| 020 |
|
|
|a 0136317979
|
| 040 |
|
|
|a DLC
|c DLC
|d DLC
|d BD-DhAAL
|
| 082 |
0 |
0 |
|a 006
|2 21
|
| 100 |
1 |
|
|a Helsel, Robert.
|
| 245 |
1 |
0 |
|a Visual programming with HP VEE /
|c Robert Helsel.
|
| 250 |
|
|
|a 2nd ed.
|
| 260 |
|
|
|a Upper Saddle River, N.J. :
|b Prentice Hall PTR,
|c c1997.
|
| 300 |
|
|
|a 1 v. (various pagings) :
|b ill. ;
|c 24 cm.
|
| 490 |
0 |
|
|a Hewlett-Packard professional books
|
| 500 |
|
|
|a Includes index.
|
| 541 |
|
|
|e 00009885
|
| 650 |
|
0 |
|a Visual programming languages (Computer science)
|
| 650 |
|
0 |
|a HP VEE (Computer program language)
|
| 650 |
|
0 |
|a Computer graphics.
|
| 852 |
1 |
|
|a Ayesha Abed Library
|c General Shelf.
|
| 999 |
|
|
|c 10835
|d 10835
|
| 952 |
|
|
|0 0
|1 0
|2 ddc
|4 0
|6 006_HEL
|7 0
|9 16444
|a BRACUL
|b BRACUL
|c GEN
|d 2011-05-15
|l 0
|o 006 HEL
|p 3010009885
|r 2011-05-15
|t 1
|w 2011-05-15
|y BK
|